Gentlemen callers (Record no. 85086)
[ view plain ]
| 000 -LEADER | |
|---|---|
| fixed length control field | 01473nam a2200361Ia 4500 |
| 082 04 - DEWEY DECIMAL CLASSIFICATION NUMBER | |
| Classification number | 812/.54 |
| 100 1# - MAIN ENTRY--AUTHOR NAME | |
| Personal name | Paller, Michael. |
| 245 10 - TITLE STATEMENT | |
| Title | Gentlemen callers |
| 260 ## - PUBLICATION, DISTRIBUTION, ETC. (IMPRINT) | |
| Place of publication | New York : |
| Name of publisher | Palgrave Macmillan, |
| Year of publication | c2005. |
| 300 ## - PHYSICAL DESCRIPTION | |
| Number of Pages | xii, 269 p. |
| 650 #0 - SUBJECT ADDED ENTRY--TOPICAL TERM | |
| Topical Term | Homosexuality and literature |
| Topical Term | Male homosexuality in literature. |
| Topical Term | Sexual orientation in literature. |
| Topical Term | Gay men in literature. |
| Topical Term | Sex in literature. |
| 856 40 - ELECTRONIC LOCATION AND ACCESS | |
| Uniform Resource Identifier | http://site.ebrary.com/lib/rucke/Doc?id=10135439 |
No items available.
